000 00540nam a2200205Ia 4500
003 IIN
005 20240205122956.0
008 231217s9999 xx 000 0 und d
020 _cRs.550.00
_a9788195350735
040 _aIIN
_bEnglish
082 _a610.73
_bRAJ
100 1 _aRaj, D. Elakkuvana Bhaskara
245 _aTextbook of Nursing Foundation
_cD. Elakkuvana Bhaskara Raj
260 _bEMMESS
_aBangalore
_c2022
300 _avi, 354p.
440 _vVol. 1
650 1 _aFoundation
653 1 _aFundamental
942 _cBOOK
999 _c1250
_d1250